header

A companion to literature, film, and adaptation (Record no. 64886)

MARC details
000 -LEADER
fixed length control field 01800nam a2200385 a 4500
082 04 - DEWEY DECIMAL CLASSIFICATION NUMBER
Classification number 791.43/6
245 02 - TITLE STATEMENT
Title A companion to literature, film, and adaptation
260 ## - PUBLICATION, DISTRIBUTION, ETC. (IMPRINT)
Place of publication Chichester, West Sussex, U.K. ;
-- Malden, Mass. :
Name of publisher John Wiley & Sons,
Year of publication 2012.
300 ## - PHYSICAL DESCRIPTION
Number of Pages xiii, 433 p. :
Other physical details ill.
505 0# - FORMATTED CONTENTS NOTE
Formatted contents note pt. I. History and contexts : from image to sound -- pt. II. Approaches -- pt. III. Genre : film, television -- pt. IV. Authors and periods -- pt. V. Beyond authors and canonical texts -- pt. VI. Case studies : adaptable and unadaptable texts.
650 #0 - SUBJECT ADDED ENTRY--TOPICAL TERM
Topical Term Film adaptations
Topical Term Television adaptations
Topical Term English literature
Topical Term American literature
Topical Term Motion pictures and literature.
Topical Term Television and literature.
700 1# - ADDED ENTRY--PERSONAL NAME
Personal name Cartmell, Deborah.
856 40 - ELECTRONIC LOCATION AND ACCESS
Uniform Resource Identifier http://site.ebrary.com/lib/rucke/Doc?id=10657796

No items available.

© 2026 Rongo University
Contact us: librarian | system librarian | Rongo university